傾城一諾 . 天才神棍 . 2
| 資料類型: | 圖書 | 書目號: | 51027 |
Leader xxxxxxxxxx 001 __ 102459/0/01 005 __ 20170410105854.109 010 0_ |a9789869383004|b第2冊 : 平裝|d新臺幣280元 042 __ |anbic 100 __ |a20170410d2016 k y0chiy50 b 101 0_ |achi 102 __ |atw 105 __ |ay z 000ay 200 1_ |a傾城一諾|h2|i天才神棍|f鳳今著 205 __ |a初版 210 __ |a臺北市|c晴空出版|c家庭傳媒城邦分公司發行|d2016[民105] 215 0_ |a397面|d21公分 225 12 |a悅讀NOVEL|v2 517 1_ |a天才神棍|zchi 606 __ |2cst|a長篇小說 700 _0 |a鳳今|4著 681 __ |a857.7|b856 v.2 801 _0 |atw|bLibDipper|c20170410|gCCR |